000 00892nam0a22002651 4500
001 rc\3725430
005 20130115153633.2
035 _a(NLR Aleph) 007681688
090 _a6544990
_c6544990
100 _a20130115d1969 |||y0rusy50 ca
101 0 _arus
102 _aRU
105 _aa z |||||
200 1 _aОтчет о командировке в Англию
_fАН СССР. Всесоюз. ин-т науч. и техн. информации
210 _aМосква
_cБ. и.
_d1969
215 _a35 с.
_cил.
_d20
309 _aОтпеч. множит. аппаратом
320 _aБиблиогр.: с. 35
333 _aДля служебного пользования
700 1 _aСиница
_bС. П.
_gСтанислав Платонович
801 0 _aRU
_bNLR
_gpsbo
801 1 _aRU
_bELAR
_2rusmarc
852 _aNLR
_j50К/22329
942 _cBOOK
980 _aNB